[Event "Wch U20 61st"]
[Site "Gandhinagar"]
[Date "2024.06.11"]
[Round "9"]
[White "Srihari, Lakshmi"]
[Black "Keleberda, Tymur"]
[Result "1-0"]
[WhiteElo "2400"]
[BlackElo "2223"]
[WhiteFideId "-1"]
[BlackFideId "-1"]
[PlyCount "57"]
[GameId "2056030217043968"]
[EventDate "2024.06.02"]
[EventType "swiss"]
[EventRounds "11"]
[EventCountry "IND"]
[SourceTitle "CBM 220 Extra"]
[Source "ChessBase"]
[SourceDate "2024.07.31"]
[SourceVersion "1"]
[SourceVersionDate "2024.07.31"]
[SourceQuality "1"]

1. e4 c5 2. Nf3 d6 3. d4 cxd4 4. Nxd4 Nf6 5. Nc3 a6 6. Bg5 e6 7. Qf3 Nbd7 8. O-O-O Qc7 9. Qg3 b5 10. Bxb5 axb5 11. Ndxb5 Qb8 12. Nxd6+ Bxd6 13. Rxd6 O-O 14. Rhd1 Ra6 15. Rxa6 Qxg3 16. hxg3 Bxa6 17. b4 Rc8 18. Kb2 Kf8 19. Bxf6 Nxf6 20. b5 Bb7 21. f3 Ke7 22. a4 Nd7 23. Kb3 Rc5 24. Kb4 Rg5 25. Ne2 Kd8 26. c4 Kc7 27. c5 Nb8 28. a5 h5 29. Rd6 1-0

[Event "Wch U20 61st"]
[Site "Gandhinagar"]
[Date "2024.06.13"]
[Round "11"]
[White "Charan, Sandipagu"]
[Black "Keleberda, Tymur"]
[Result "0-1"]
[WhiteElo "1924"]
[BlackElo "2223"]
[WhiteFideId "-1"]
[BlackFideId "-1"]
[PlyCount "112"]
[GameId "2056030217551872"]
[EventDate "2024.06.02"]
[EventType "swiss"]
[EventRounds "11"]
[EventCountry "IND"]
[SourceTitle "CBM 220 Extra"]
[Source "ChessBase"]
[SourceDate "2024.07.31"]
[SourceVersion "1"]
[SourceVersionDate "2024.07.31"]
[SourceQuality "1"]

1. e4 c5 2. Nf3 d6 3. d4 cxd4 4. Nxd4 Nf6 5. Nc3 a6 6. Bg5 e6 7. f4 Nbd7 8. Qf3 h6 9. Bxf6 Nxf6 10. O-O-O Qc7 11. g4 b5 12. g5 hxg5 13. fxg5 Nd7 14. g6 Ne5 15. gxf7+ Qxf7 16. Qg3 Be7 17. Be2 Bd7 18. a3 Qf6 19. Kb1 Rc8 20. Rhg1 g5 21. Nf3 Nxf3 22. Bxf3 Rc5 23. Ne2 a5 24. Nc1 Rc4 25. Nd3 Qh6 26. Rg2 Qh4 27. Rgd2 Qxg3 28. hxg3 Bc8 29. b3 Rc7 30. Bg4 Bf6 31. e5 dxe5 32. Re2 a4 33. Nxe5 axb3 34. cxb3 Rc3 35. Nd3 Ke7 36. Ka2 Rd8 37. Bf5 Rd6 38. Be4 b4 39. g4 Ba6 40. Red2 bxa3 41. Nb4 Rxd2+ 42. Rxd2 Bb5 43. Kxa3 Be5 44. Rc2 Rxc2 45. Nxc2 Be2 46. b4 Bxg4 47. Ne3 Be2 48. Ka4 Bf4 49. Nc2 g4 50. Nd4 Bf1 51. b5 Be3 52. Nc6+ Kd6 53. Ka5 Kc7 54. Nb4 Bd2 55. b6+ Kb8 56. Ka4 Bxb4 0-1

[Event "Wch-U20"]
[Site "Gujarat IND"]
[Date "2024.06.02"]
[Round "1.51"]
[White "Keleberda, Tymur"]
[Black "Vedant, Garg"]
[Result "1/2-1/2"]
[WhiteElo "2223"]
[BlackElo "1811"]
[WhiteFideId "-1"]
[BlackFideId "-1"]
[PlyCount "78"]
[GameId "2130307543445305"]
[EventDate "2024.06.02"]
[EventType "swiss"]
[EventRounds "11"]
[EventCountry "IND"]

1. e3 Nf6 2. Nf3 g6 3. d4 Bg7 4. c4 O-O 5. Nc3 d6 6. Be2 Nc6 7. d5 Nb8 8. O-O Na6 9. Rb1 Bf5 10. Bd3 Bxd3 11. Qxd3 Nc5 12. Qc2 a5 13. b3 e5 14. e4 Nh5 15. a3 b6 16. b4 Na6 17. bxa5 bxa5 18. Rb5 h6 19. Ne1 f5 20. Nd3 Nf6 21. f3 fxe4 22. fxe4 Qd7 23. Rxa5 Qg4 24. Qd1 Qh4 25. Qe1 Qh5 26. c5 Nxc5 27. Rxa8 Rxa8 28. Nxc5 dxc5 29. Qf2 Ra5 30. Qb2 Ra8 31. Qb5 Rf8 32. Qxc5 Qh4 33. Qe3 Ng4 34. Qg3 Rxf1+ 35. Kxf1 Nxh2+ 36. Kf2 Ng4+ 37. Kf3 Nh2+ 38. Kf2 Ng4+ 39. Kf3 Nh2+ 1/2-1/2

[Event "Wch-U20"]
[Site "Gujarat IND"]
[Date "2024.06.03"]
[Round "2.34"]
[White "Katta, Sriansh"]
[Black "Keleberda, Tymur"]
[Result "0-1"]
[WhiteElo "1753"]
[BlackElo "2223"]
[WhiteFideId "-1"]
[BlackFideId "-1"]
[PlyCount "88"]
[GameId "2130307543445346"]
[EventDate "2024.06.02"]
[EventType "swiss"]
[EventRounds "11"]
[EventCountry "IND"]

1. e4 e6 2. d4 d5 3. Nd2 c5 4. Ngf3 cxd4 5. Nxd4 Nc6 6. Bb5 Bd7 7. Nxc6 bxc6 8. Bd3 Bd6 9. Qe2 Qc7 10. c4 Ne7 11. h3 O-O 12. O-O e5 13. b3 d4 14. Nf3 a5 15. Bd2 Rfb8 16. Rab1 Ng6 17. Rfc1 Ba3 18. Rc2 Qd6 19. h4 Bg4 20. g3 c5 21. Kg2 Qd7 22. Rh1 Rb6 23. Qe1 a4 24. bxa4 Rxa4 25. h5 Bxf3+ 26. Kxf3 Ne7 27. Kg2 h6 28. f4 Nc6 29. f5 Nb4 30. Bxb4 Bxb4 31. Qe2 Ra3 32. Rb1 Qd8 33. Rb3 Rxb3 34. axb3 Bc3 35. Ra2 Rxb3 36. Rc2 Kh7 37. Ra2 Qg5 38. Rc2 Be1 39. Qf3 Bxg3 40. Qxg3 Rxd3 41. Qxg5 hxg5 42. Kf2 Rc3 43. Rxc3 dxc3 44. Ke3 g4 0-1

[Event "Wch-U20"]
[Site "Gujarat IND"]
[Date "2024.06.04"]
[Round "3.13"]
[White "Keleberda, Tymur"]
[Black "Samant, Aditya S"]
[Result "1/2-1/2"]
[WhiteElo "2223"]
[BlackElo "2469"]
[WhiteFideId "-1"]
[BlackFideId "-1"]
[PlyCount "130"]
[GameId "2130307543445383"]
[EventDate "2024.06.02"]
[EventType "swiss"]
[EventRounds "11"]
[EventCountry "IND"]

1. e4 e6 2. d3 d5 3. Nd2 Nc6 4. Ngf3 Nf6 5. g3 dxe4 6. dxe4 Bc5 7. Bg2 O-O 8. O-O e5 9. Qe2 a5 10. Nc4 Qe7 11. Bg5 h6 12. Be3 b6 13. Nh4 Bxe3 14. Nxe3 Ba6 15. c4 Nd4 16. Qd3 Qc5 17. b3 c6 18. Nhf5 Rad8 19. Nxd4 Rxd4 20. Qc2 Rfd8 21. Rfd1 Bc8 22. h3 Be6 23. Qe2 Qa3 24. Rxd4 Rxd4 25. Rd1 a4 26. bxa4 Qxa4 27. Rb1 Nd7 28. Nd5 Rxc4 29. Nxb6 Nxb6 30. Rxb6 Rc1+ 31. Kh2 Rc2 32. Qd1 Qxa2 33. Ra6 Qb2 34. Rb6 Qc3 35. Qd8+ Kh7 36. Rb8 Rxf2 37. Qh8+ Kg6 38. Rg8 Rxg2+ 39. Kxg2 Qd2+ 40. Kf3 Qd3+ 41. Kf2 Qd2+ 42. Kf3 Qc3+ 43. Kf2 Qb2+ 44. Kf3 Qb3+ 45. Kf2 Qa2+ 46. Kf3 Qa3+ 47. Kf2 Qa7+ 48. Kf3 f6 49. Ra8 Qd7 50. Rd8 Qe7 51. h4 Qa3+ 52. Kf2 Qb2+ 53. Kf3 Qc3+ 54. Kf2 Qc2+ 55. Ke3 Qc3+ 56. Kf2 Qb2+ 57. Kf3 Qb3+ 58. Kf2 Qa2+ 59. Kf3 Qa3+ 60. Kg2 Qa2+ 61. Kf3 Qb3+ 62. Kf2 Qc2+ 63. Ke3 Qc1+ 64. Kf2 Qc5+ 65. Kf3 Qa3+ 1/2-1/2

[Event "Wch-U20"]
[Site "Gujarat IND"]
[Date "2024.06.06"]
[Round "5.19"]
[White "Pham, Tran Gia Phuc"]
[Black "Keleberda, Tymur"]
[Result "1-0"]
[WhiteElo "2444"]
[BlackElo "2223"]
[WhiteFideId "-1"]
[BlackFideId "-1"]
[PlyCount "70"]
[GameId "2130307543453693"]
[EventDate "2024.06.02"]
[EventType "swiss"]
[EventRounds "11"]
[EventCountry "IND"]

1. d4 Nf6 2. c4 e6 3. Nf3 d5 4. cxd5 exd5 5. Qc2 c6 6. Nc3 g6 7. Bg5 Be7 8. e3 Bf5 9. Bd3 Bxd3 10. Qxd3 Nbd7 11. O-O O-O 12. h3 Re8 13. Rab1 a5 14. Qc2 Nb6 15. Nd2 Nc8 16. a3 Nd7 17. Bh6 Nd6 18. Bf4 Qb6 19. Rfe1 Qa7 20. e4 Qxd4 21. Nf3 Qc4 22. b3 Qa6 23. exd5 Bf8 24. Qd2 Nf6 25. dxc6 Qxc6 26. Ne5 Qc5 27. b4 axb4 28. axb4 Qc8 29. Rbc1 Qd8 30. Bg5 Re6 31. Ng4 Nde8 32. Qxd8 Rxe1+ 33. Rxe1 Rxd8 34. Nxf6+ Nxf6 35. Bxf6 Rd6 1-0

[Event "Wch-U20"]
[Site "Gujarat IND"]
[Date "2024.06.07"]
[Round "6.33"]
[White "Keleberda, Tymur"]
[Black "Md, Imran"]
[Result "1/2-1/2"]
[WhiteElo "2223"]
[BlackElo "2180"]
[WhiteFideId "-1"]
[BlackFideId "-1"]
[PlyCount "85"]
[GameId "2130307543449666"]
[EventDate "2024.06.02"]
[EventType "swiss"]
[EventRounds "11"]
[EventCountry "IND"]

1. e4 e6 2. d4 d5 3. Nc3 Bb4 4. e5 c5 5. a3 Bxc3+ 6. bxc3 Qa5 7. Bd2 Qa4 8. Ra2 Ne7 9. Qg4 Nbc6 10. Nf3 g6 11. Bd3 b6 12. Qf4 Ba6 13. dxc5 Qxf4 14. Bxf4 Bxd3 15. cxd3 bxc5 16. Kd2 Rb8 17. Kc2 c4 18. dxc4 dxc4 19. Rb2 Rxb2+ 20. Kxb2 Nd5 21. Bc1 Na5 22. Re1 Kd7 23. Re4 Rc8 24. Kc2 Nb3 25. Bb2 h6 26. Nd2 Nxd2 27. Kxd2 Rc5 28. Kc2 Kc6 29. Bc1 h5 30. Bh6 Kd7 31. h3 Rc8 32. Rd4 a6 33. Bc1 Rc5 34. Rh4 Ne7 35. Re4 Nc6 36. Be3 Ra5 37. Rxc4 Rxa3 38. Rf4 Nxe5 39. Bd4 g5 40. Rf6 Ra5 41. Bxe5 Rxe5 42. Rxf7+ Kd6 43. Rg7 1/2-1/2

[Event "Wch-U20"]
[Site "Gujarat IND"]
[Date "2024.06.09"]
[Round "7.31"]
[White "Jai, Sankar Subramanian"]
[Black "Keleberda, Tymur"]
[Result "1/2-1/2"]
[WhiteElo "1986"]
[BlackElo "2223"]
[WhiteFideId "-1"]
[BlackFideId "-1"]
[PlyCount "128"]
[GameId "2130307543453817"]
[EventDate "2024.06.02"]
[EventType "swiss"]
[EventRounds "11"]
[EventCountry "IND"]

1. e4 e6 2. d4 d5 3. Nd2 c5 4. exd5 Qxd5 5. Ngf3 cxd4 6. Bc4 Qd7 7. O-O Nc6 8. Nb3 a6 9. Nbxd4 Nxd4 10. Nxd4 Qc7 11. Qe2 Bd6 12. h3 Ne7 13. Rd1 O-O 14. Bd3 e5 15. Nb3 h6 16. Nd2 Bc5 17. Nf3 Bd6 18. Nd2 Rd8 19. Nc4 Bf5 20. Bxf5 Nxf5 21. Be3 Nxe3 22. Nxe3 Qc6 23. c4 Rac8 24. b3 Bc5 25. Nd5 Re8 26. Qe4 Bd4 27. Rac1 Qc5 28. Rc2 Red8 29. Rcd2 Re8 30. Ne3 Bxe3 31. Qxe3 Qxe3 32. fxe3 Rc7 33. Rd7 Rec8 34. Rd8+ Rxd8 35. Rxd8+ Kh7 36. Rd5 f6 37. e4 h5 38. h4 Kg6 39. Kf2 Kf7 40. Ke3 Ke6 41. Rd8 b5 42. cxb5 axb5 43. Rb8 Rc3+ 44. Ke2 Rc2+ 45. Kf3 Rxa2 46. Rxb5 Ra7 47. Rb8 Rc7 48. Rh8 Rc3+ 49. Kf2 g6 50. Rh6 Rxb3 51. Rxg6 Rb2+ 52. Kf3 Rb3+ 53. Kf2 Rb2+ 54. Kf3 Kf7 55. Rh6 Rb3+ 56. Kf2 Rb4 57. Kf3 Rb3+ 58. Kf2 Rb4 59. Kf3 Kg7 60. Rxh5 Rb3+ 61. Kf2 Rb4 62. Kf3 Rb3+ 63. Kf2 Rb4 64. Kf3 Rb3+ 1/2-1/2

[Event "Wch-U20"]
[Site "Gujarat IND"]
[Date "2024.06.10"]
[Round "8.31"]
[White "Keleberda, Tymur"]
[Black "Tleukhanov, Yerlan"]
[Result "1-0"]
[WhiteElo "2223"]
[BlackElo "2025"]
[WhiteFideId "-1"]
[BlackFideId "-1"]
[PlyCount "159"]
[GameId "2130307543453872"]
[EventDate "2024.06.02"]
[EventType "swiss"]
[EventRounds "11"]
[EventCountry "IND"]

1. c4 Nf6 2. Nc3 e5 3. Nf3 Nc6 4. e3 Bb4 5. Qc2 Bxc3 6. Qxc3 Qe7 7. a3 d5 8. cxd5 Nxd5 9. Qb3 Nb6 10. d3 a5 11. Qc2 a4 12. b4 axb3 13. Qxb3 O-O 14. Be2 Be6 15. Qc2 Ra5 16. O-O Rfa8 17. Rb1 h6 18. Nd2 Rc5 19. Qd1 Ba2 20. Ra1 Bd5 21. Bf3 Bxf3 22. Nxf3 Rd8 23. d4 exd4 24. exd4 Rf5 25. Rb1 Qe4 26. Bb2 Rf6 27. Re1 Qf5 28. Qb3 Nd5 29. Rbd1 Nf4 30. d5 Na5 31. Qc3 Rg6 32. g3 Qh3 33. Nh4 Qxh4 34. Kh1 Qh3 35. Rg1 Ne2 36. Qxc7 Rc8 37. Qxa5 Nxg1 38. Kxg1 Rg5 39. Qd2 Qd7 40. h4 Rg6 41. Qd4 Rd8 42. Bc3 Qf5 43. Bb4 Rg4 44. Qd2 h5 45. d6 g5 46. Qd5 Qxd5 47. Rxd5 gxh4 48. d7 Rxb4 49. axb4 hxg3 50. fxg3 Kf8 51. Kg2 Ke7 52. Rxh5 Rxd7 53. Rb5 Ke6 54. g4 Rc7 55. Kg3 Rc3+ 56. Kf4 Rc4+ 57. Kg5 Rc7 58. Kh6 Rd7 59. Kg5 Rc7 60. Rb6+ Ke7 61. Kf5 Rd7 62. g5 Rc7 63. Ke4 Rd7 64. Ke5 Rc7 65. Kd5 Rd7+ 66. Kc5 Rc7+ 67. Kb5 Rd7 68. g6 f5 69. g7 Rd8 70. Rxb7+ Kf6 71. Kc4 f4 72. Rd7 Rc8+ 73. Kd3 Rb8 74. b5 Kg6 75. b6 Re8 76. Re7 Rb8 77. b7 Kh7 78. Rc7 Re8 79. g8=Q+ Kxg8 80. Rc8 1-0

[Event "Wch-U20"]
[Site "Gujarat IND"]
[Date "2024.06.12"]
[Round "10.30"]
[White "Keleberda, Tymur"]
[Black "Gaikwad, Manas"]
[Result "1-0"]
[WhiteElo "2223"]
[BlackElo "1957"]
[WhiteFideId "-1"]
[BlackFideId "-1"]
[PlyCount "73"]
[GameId "2130307543458078"]
[EventDate "2024.06.02"]
[EventType "swiss"]
[EventRounds "11"]
[EventCountry "IND"]

1. e4 c5 2. Nf3 d6 3. c3 Nf6 4. h3 Nc6 5. Bd3 e5 6. Bc2 g6 7. O-O Bg7 8. Qe2 O-O 9. d3 h6 10. a3 Nh5 11. Rd1 Qe7 12. b4 a6 13. Bb3 Bd7 14. Bd5 Nf4 15. Bxf4 exf4 16. d4 g5 17. bxc5 dxc5 18. e5 Kh8 19. Nbd2 Rad8 20. Qe4 f5 21. Qb1 Bc8 22. Bxc6 bxc6 23. Qb6 g4 24. Ne1 gxh3 25. Ndf3 hxg2 26. Nd3 cxd4 27. Nxf4 Kh7 28. cxd4 Bh8 29. Rac1 Qxa3 30. Rxc6 Qxf3 31. Rxh6+ Kg8 32. Qg6+ Bg7 33. Qh7+ Kf7 34. Rf6+ Ke8 35. Qg6+ Kd7 36. Qxg7+ Rf7 37. Qxf7# 1-0

[Event "Titled Tuesday 2024.05.21 Late"]
[Site "Chess.com INT"]
[Date "2024.05.21"]
[Round "1"]
[White "Keleberda, Tymur"]
[Black "Nicula, Marius"]
[Result "1-0"]
[WhiteElo "2223"]
[BlackElo "2155"]
[WhiteFideId "-1"]
[BlackFideId "-1"]
[PlyCount "73"]
[GameId "2050005041188864"]
[EventDate "2024.05.21"]
[EventType "swiss (blitz)"]
[EventRounds "11"]
[EventCountry "NET"]
[SourceTitle "CBM 220 Extra"]
[Source "ChessBase"]
[SourceDate "2024.07.31"]
[SourceVersion "1"]
[SourceVersionDate "2024.07.31"]
[SourceQuality "1"]

1. e4 c6 2. d3 d5 3. Nd2 g6 4. g3 Bg7 5. Bg2 e5 6. Ngf3 Ne7 7. O-O O-O 8. Qe2 Nd7 9. b3 a5 10. Bb2 a4 11. exd5 Nxd5 12. Nc4 f6 13. d4 b5 14. Ne3 a3 15. Bc1 e4 16. Nxd5 cxd5 17. Qxb5 Nb6 18. Nd2 Ba6 19. Qb4 Bxf1 20. Nxf1 f5 21. Bxa3 Rf7 22. Bb2 Rc8 23. Qd2 Rfc7 24. c3 Qf8 25. a4 Bh6 26. Qe2 f4 27. gxf4 Bxf4 28. a5 Na8 29. b4 Rc4 30. b5 Nc7 31. Ba3 Qh6 32. b6 Nb5 33. b7 Rb8 34. a6 Nxc3 35. Qe1 Nb5 36. Bc5 Nc3 37. a7 1-0

[Event "Titled Tuesday 2024.05.21 Late"]
[Site "Chess.com INT"]
[Date "2024.05.21"]
[Round "2"]
[White "Rustemov, Alexander"]
[Black "Keleberda, Tymur"]
[Result "1-0"]
[WhiteElo "2525"]
[BlackElo "2223"]
[WhiteFideId "-1"]
[BlackFideId "-1"]
[PlyCount "133"]
[GameId "2050005042384896"]
[EventDate "2024.05.21"]
[EventType "swiss (blitz)"]
[EventRounds "11"]
[EventCountry "NET"]
[SourceTitle "CBM 220 Extra"]
[Source "ChessBase"]
[SourceDate "2024.07.31"]
[SourceVersion "1"]
[SourceVersionDate "2024.07.31"]
[SourceQuality "1"]

1. d4 Nf6 2. c4 e6 3. Nf3 b6 4. a3 Ba6 5. Qc2 Bb7 6. Nc3 c5 7. e4 cxd4 8. Nxd4 Bc5 9. Nb3 Ng4 10. Nxc5 bxc5 11. h3 Ne5 12. Be3 Qe7 13. f4 Nec6 14. O-O-O O-O 15. e5 f6 16. Bd3 g6 17. exf6 Rxf6 18. Ne4 Rf5 19. g4 d5 20. gxf5 dxe4 21. f6 Qxf6 22. Bxe4 Na6 23. Rd6 Ncb4 24. axb4 Nxb4 25. Qb1 Qe7 26. Rhd1 Bd5 27. cxd5 Qxd6 28. dxe6 Qxe6 29. Bd2 Qc4+ 30. Bc3 Re8 31. Re1 Na2+ 32. Kd2 Rd8+ 33. Ke3 Nxc3 34. bxc3 Qxc3+ 35. Kf2 Rd2+ 36. Re2 Qd4+ 37. Kf3 Rd1 38. Qb8+ Kg7 39. Qe5+ Qxe5 40. fxe5 Kf7 41. Kf4 Rf1+ 42. Kg3 Ke6 43. Bb7 Rb1 44. Bc8+ Ke7 45. e6 c4 46. Rc2 Rb3+ 47. Kf4 c3 48. Ke4 a5 49. Kd3 a4 50. Rf2 a3 51. Rf7+ Ke8 52. Ra7 Rb8 53. Bd7+ Kd8 54. Kxc3 Rb1 55. Rxa3 Rh1 56. Kd4 Ke7 57. Rf3 Kd6 58. Bc8 h5 59. Ke4 g5 60. Rg3 g4 61. hxg4 h4 62. Rd3+ Ke7 63. Rd7+ Kxe6 64. Rd1+ Kf6 65. Rxh1 Kg5 66. Kf3 h3 67. Rxh3 1-0

[Event "Titled Tuesday 2024.05.21 Late"]
[Site "Chess.com INT"]
[Date "2024.05.21"]
[Round "4"]
[White "Ragger, Markus"]
[Black "Keleberda, Tymur"]
[Result "1-0"]
[WhiteElo "2601"]
[BlackElo "2223"]
[WhiteFideId "-1"]
[BlackFideId "-1"]
[PlyCount "133"]
[GameId "2050005044195328"]
[EventDate "2024.05.21"]
[EventType "swiss (blitz)"]
[EventRounds "11"]
[EventCountry "NET"]
[SourceTitle "CBM 220 Extra"]
[Source "ChessBase"]
[SourceDate "2024.07.31"]
[SourceVersion "1"]
[SourceVersionDate "2024.07.31"]
[SourceQuality "1"]

1. d4 Nf6 2. c4 e6 3. Nf3 d5 4. g3 dxc4 5. Bg2 Bb4+ 6. Bd2 a5 7. Qc2 Bxd2+ 8. Qxd2 c6 9. a4 Ne4 10. Qf4 Qb6 11. Ne5 Nd6 12. Nd2 f6 13. Nexc4 Nxc4 14. Nxc4 Qb4+ 15. Nd2 Qxb2 16. O-O e5 17. dxe5 Qxe5 18. Qxe5+ fxe5 19. Nc4 Nd7 20. Rfd1 O-O 21. Rac1 Ra6 22. Nd6 Nb6 23. Ra1 Nd5 24. Bxd5+ cxd5 25. Nxc8 Rxc8 26. Rxd5 e4 27. Re5 Rc4 28. Re7 Rb6 29. Rd1 h6 30. Rdd7 Rg6 31. Rxb7 Rxa4 32. Ra7 Kh7 33. Kg2 h5 34. h4 Rg4 35. Re5 Kh6 36. Ra8 Ra2 37. Rh8+ Kg6 38. Rhxh5 a4 39. Kh3 e3 40. Kxg4 exf2 41. Reg5+ Kf6 42. Rf5+ Ke6 43. Rxf2 Ra3 44. Ra5 g6 45. Rf3 Ra1 46. Re3+ Kf6 47. Re4 Re1 48. Raxa4 Kg7 49. Ra6 Kh6 50. Ree6 Kh7 51. Rxg6 Rxe2 52. Rgb6 Re7 53. Rh6+ Kg7 54. Rag6+ Kf8 55. Rh8+ Kf7 56. Rh7+ Kxg6 57. Rxe7 Kf6 58. Ra7 Kg6 59. Ra5 Kh6 60. Ra6+ Kg7 61. Kf5 Kh7 62. Rc6 Kg7 63. h5 Kh7 64. Kg5 Kg7 65. Rc7+ Kh8 66. Kg6 Kg8 67. Rc8# 1-0

[Event "Titled Tuesday 2024.05.21 Late"]
[Site "chess.com INT"]
[Date "2024.05.21"]
[Round "3"]
[White "Keleberda, Tymur"]
[Black "Jing, Andrew"]
[Result "1-0"]
[WhiteElo "2223"]
[BlackElo "2031"]
[WhiteFideId "-1"]
[BlackFideId "-1"]
[PlyCount "97"]
[GameId "2130307544036092"]
[EventDate "2024.05.21"]
[EventType "swiss (blitz)"]
[EventRounds "11"]
[EventCountry "NET"]
[SourceTitle "The Week in Chess 1542"]
[Source "Mark Crowther"]
[SourceDate "2024.05.27"]
[SourceVersion "1"]
[SourceVersionDate "2024.05.27"]
[SourceQuality "2"]

1. e4 c5 2. Nf3 e6 3. c3 d5 4. exd5 exd5 5. Bb5+ Bd7 6. Bxd7+ Nxd7 7. O-O Be7 8. d4 Ngf6 9. dxc5 Nxc5 10. Bf4 O-O 11. Qc2 Ne6 12. Be3 Rc8 13. Qa4 a6 14. Nbd2 Rc6 15. Nd4 Nxd4 16. Bxd4 b5 17. Qd1 Bc5 18. Bxc5 Rxc5 19. Nb3 Rc4 20. Qd3 Qd6 21. h3 Re8 22. Rfe1 Rce4 23. Rxe4 Rxe4 24. Nd2 Re6 25. Rd1 Qe5 26. Nf3 Qe2 27. Qd2 h6 28. Qxe2 Rxe2 29. Rd2 Rxd2 30. Nxd2 Ne4 31. Nb3 Kf8 32. f3 Nd6 33. Nc5 a5 34. Kf2 Ke7 35. b3 Nf5 36. g4 Nd6 37. Ke3 f5 38. Kd4 fxg4 39. fxg4 b4 40. cxb4 axb4 41. Nd3 Nb5+ 42. Kc5 Nc3 43. Nxb4 Ke6 44. a4 Ne2 45. a5 Nc1 46. a6 Nxb3+ 47. Kb6 d4 48. a7 d3 49. Nxd3 1-0

[Event "Titled Tuesday 2024.04.09 Early"]
[Site "chess.com INT"]
[Date "2024.04.09"]
[Round "1"]
[White "Keleberda, Tymur"]
[Black "Kovacs, Klara"]
[Result "0-1"]
[WhiteElo "2212"]
[BlackElo "2073"]
[WhiteFideId "-1"]
[BlackFideId "-1"]
[PlyCount "150"]
[GameId "2130307545526820"]
[EventDate "2024.04.09"]
[EventType "swiss (blitz)"]
[EventRounds "11"]
[EventCountry "NET"]
[SourceTitle "The Week in Chess 1536"]
[Source "Mark Crowther"]
[SourceDate "2024.04.15"]
[SourceVersion "1"]
[SourceVersionDate "2024.04.15"]
[SourceQuality "2"]

1. e4 e6 2. d4 d5 3. Nc3 Nc6 4. e5 b6 5. Bb5 Bb7 6. a3 a6 7. Ba4 b5 8. Bb3 Na5 9. Ba2 c5 10. Nge2 Nc4 11. b3 cxd4 12. Nxd4 Nxe5 13. O-O Rc8 14. Nce2 Nf6 15. Bb2 Bd6 16. f4 Neg4 17. Rf3 Ne4 18. h3 Ngf6 19. g4 Qc7 20. Qd3 h5 21. g5 Nd7 22. Rc1 Ndc5 23. Qe3 O-O 24. Bb1 e5 25. Nf5 d4 26. Nexd4 exd4 27. Bxd4 Ne6 28. Bb2 Bc5 29. Nd4 Bxd4 30. Bxd4 Nxd4 31. Qxd4 Qc5 32. Qxc5 Rxc5 33. Re3 Nc3 34. f5 g6 35. fxg6 fxg6 36. h4 a5 37. Re6 Kg7 38. Re7+ Rf7 39. Rxf7+ Kxf7 40. b4 Rc7 41. bxa5 Bd5 42. Rf1+ Kg7 43. Re1 Bc4 44. Kf2 Ra7 45. Rg1 Rxa5 46. Ke3 Rxa3 47. Kd4 Ne2+ 48. Kc5 Nxg1 49. c3 Rxc3 50. Be4 Ne2 51. Kb4 Rb3+ 52. Kc5 Nc3 53. Ba8 Be2 54. Kd4 b4 55. Bc6 Nb5+ 56. Kc5 Na3 57. Bd5 Rb2 58. Kd4 Nb5+ 59. Ke3 b3 60. Be6 Bf1 61. Bxb3 Rxb3+ 62. Kf4 Rb4+ 63. Ke5 Bd3 64. Kd5 Rxh4 65. Ke5 Rg4 66. Kd5 h4 67. Ke5 h3 68. Kd5 h2 69. Kc5 Rxg5+ 70. Kb6 h1=Q 71. Ka5 Qa8+ 72. Kb4 Rg4+ 73. Kc5 Qc8+ 74. Kb6 Qc7+ 75. Ka6 Qa7# 0-1

[Event "Candidates Blitz"]
[Site "Toronto CAN"]
[Date "2024.04.08"]
[Round "3.8"]
[White "Keleberda, Tymur"]
[Black "Tari, Aryan"]
[Result "1-0"]
[WhiteElo "2212"]
[BlackElo "2634"]
[WhiteFideId "-1"]
[BlackFideId "-1"]
[PlyCount "49"]
[GameId "2160767905997820"]
[EventDate "2024.04.08"]
[EventType "swiss (blitz)"]
[EventRounds "9"]
[EventCountry "CAN"]
[SourceTitle "10 Days #756"]
[Source "ChessMix "]
[SourceDate "2024.04.20"]
[SourceVersion "1"]
[SourceVersionDate "2024.04.20"]
[SourceQuality "1"]

1. e4 e5 2. Nf3 Nc6 3. Bc4 Nf6 4. d4 exd4 5. e5 Ne4 6. Qe2 Nc5 7. O-O Ne6 8. Bxe6 dxe6 9. Rd1 Bc5 10. Nc3 b6 11. Nb5 Bb7 12. Bg5 Qd5 13. Nxc7+ Kf8 14. Nxd5 exd5 15. c3 dxc3 16. bxc3 h6 17. Bh4 Na5 18. e6 Re8 19. Nd4 fxe6 20. Nxe6+ Kf7 21. Qh5+ g6 22. Qf3+ Kxe6 23. Re1+ Kd6 24. Qf6+ Kc7 25. Qf7+ 1-0

[Event "Candidates Blitz"]
[Site "Toronto CAN"]
[Date "2024.04.08"]
[Round "4.2"]
[White "Bareev, Evgeny"]
[Black "Keleberda, Tymur"]
[Result "1-0"]
[WhiteElo "2611"]
[BlackElo "2212"]
[WhiteFideId "-1"]
[BlackFideId "-1"]
[PlyCount "131"]
[GameId "2160767905997826"]
[EventDate "2024.04.08"]
[EventType "swiss (blitz)"]
[EventRounds "9"]
[EventCountry "CAN"]
[SourceTitle "10 Days #756"]
[Source "ChessMix "]
[SourceDate "2024.04.20"]
[SourceVersion "1"]
[SourceVersionDate "2024.04.20"]
[SourceQuality "1"]

1. d4 Nf6 2. c4 e6 3. Nc3 Bb4 4. e3 b6 5. Nge2 Ne4 6. Bd2 Nxd2 7. Qxd2 Nc6 8. a3 Be7 9. Ng3 Bb7 10. Rd1 h5 11. d5 Ne5 12. f4 Ng4 13. h3 Bh4 14. hxg4 Bxg3+ 15. Ke2 e5 16. Ne4 exf4 17. exf4 Qe7 18. Qe3 Bxf4 19. Qxf4 O-O-O 20. Kd2 hxg4 21. Rxh8 Rxh8 22. Bd3 g6 23. d6 Qe6 24. dxc7 Bxe4 25. Qxe4 Kxc7 26. Qf4+ Kc8 27. Re1 Qc6 28. Qxg4 f5 29. Qf3 Qf6 30. Qa8+ Kc7 31. Qxa7+ Kc6 32. Qa4+ Kc7 33. Qb5 Qd4 34. Qe5+ Qxe5 35. Rxe5 Rh2 36. Re2 Kd6 37. b4 Rh1 38. Kc3 Ra1 39. Kb3 Rd1 40. Bc2 Rg1 41. a4 Kc6 42. Rd2 Re1 43. Bd1 Re3+ 44. Kb2 g5 45. Bf3+ Kc7 46. Bd5 f4 47. Bf3 Re6 48. Rd5 Rg6 49. Bg4 Rg7 50. Kc3 d6 51. Kd4 Rg6 52. Ke4 Rg7 53. Kf5 Re7 54. Kxg5 Re4 55. c5 dxc5 56. bxc5 Kc6 57. Rf5 Rxa4 58. Bf3+ Kc7 59. Rf7+ Kd8 60. cxb6 Rb4 61. Rb7 Kc8 62. Rc7+ Kd8 63. Rc6 Kd7 64. Rf6 Ke7 65. b7 Rb5+ 66. Rf5 1-0

[Event "Candidates Blitz"]
[Site "Toronto CAN"]
[Date "2024.04.08"]
[Round "5.12"]
[White "Keleberda, Tymur"]
[Black "Derraugh, Geordie"]
[Result "1-0"]
[WhiteElo "2212"]
[BlackElo "2189"]
[WhiteFideId "-1"]
[BlackFideId "-1"]
[PlyCount "101"]
[GameId "2160767905997848"]
[EventDate "2024.04.08"]
[EventType "swiss (blitz)"]
[EventRounds "9"]
[EventCountry "CAN"]
[SourceTitle "10 Days #756"]
[Source "ChessMix "]
[SourceDate "2024.04.20"]
[SourceVersion "1"]
[SourceVersionDate "2024.04.20"]
[SourceQuality "1"]

1. e4 c5 2. Nf3 e6 3. Bd3 Nf6 4. O-O d5 5. exd5 exd5 6. Bb5+ Bd7 7. Re1+ Be7 8. Qe2 Kf8 9. d4 Nc6 10. Bxc6 Bxc6 11. Bf4 Bd6 12. Bxd6+ Qxd6 13. Qe5 Qxe5 14. Nxe5 cxd4 15. Nd2 Ne4 16. Nxe4 dxe4 17. Nxc6 bxc6 18. Rxe4 Rd8 19. Rae1 g6 20. Re7 a5 21. Rc7 Rd6 22. Ree7 Rf6 23. Red7 Kg7 24. Rxd4 Re8 25. Kf1 Rfe6 26. Rd1 Rb8 27. b3 a4 28. Rdd7 Rf6 29. f3 axb3 30. cxb3 Ra8 31. a4 Rb8 32. Rb7 Re8 33. b4 Re3 34. a5 Ra3 35. Kf2 Ra2+ 36. Kg3 Rf5 37. h4 h6 38. Rdc7 Rf6 39. Rb6 Ra4 40. a6 Re6 41. a7 Re8 42. Rbb7 Ra8 43. Rxf7+ Kg8 44. Rg7+ Kh8 45. Rh7+ Kg8 46. Rbg7+ Kf8 47. Rc7 Kg8 48. Rxh6 R4xa7 49. Rxg6+ Kh8 50. Rxa7 Rxa7 51. Rxc6 1-0